| 000 | 00359nam a22001577a 4500 | ||
|---|---|---|---|
| 005 | 20160629112916.0 | ||
| 008 | 160629b xxu||||| |||| 00| 0 eng d | ||
| 041 | _aeng | ||
| 082 | _b10995 | ||
| 100 |
_aCoker, francis W _93012 |
||
| 245 | _aRecent Political Thought | ||
| 260 |
_bWoodheat _c1993 |
||
| 300 | _a559 | ||
| 650 |
_aManagement _9241 |
||
| 942 | _cBK | ||
| 999 |
_c4602 _d4600 |
||